<?xml version="1.0" encoding="UTF-8"?>
<record
    xmlns:xsi="http://www.w3.org/2001/XMLSchema-instance"
    xsi:schemaLocation="http://www.loc.gov/MARC21/slim http://www.loc.gov/standards/marcxml/schema/MARC21slim.xsd"
    xmlns="http://www.loc.gov/MARC21/slim">

  <leader>00724nam a2200241Ia 4500</leader>
  <controlfield tag="003">OSt</controlfield>
  <controlfield tag="005">20220927103427.0</controlfield>
  <controlfield tag="006">a|||||r|||| 00| 0</controlfield>
  <controlfield tag="007">ta</controlfield>
  <controlfield tag="008">220926b        |||||||| |||| 00| 0 eng d</controlfield>
  <datafield tag="024" ind1=" " ind2=" ">
    <subfield code="a">102671</subfield>
  </datafield>
  <datafield tag="037" ind1=" " ind2=" ">
    <subfield code="c">Reference Collections</subfield>
  </datafield>
  <datafield tag="040" ind1=" " ind2=" ">
    <subfield code="a">RTL</subfield>
    <subfield code="c">RTL</subfield>
    <subfield code="b">eng</subfield>
  </datafield>
  <datafield tag="041" ind1=" " ind2=" ">
    <subfield code="2">eng</subfield>
    <subfield code="a">eng</subfield>
  </datafield>
  <datafield tag="082" ind1=" " ind2=" ">
    <subfield code="a">"Y5aN7, L0/BB"</subfield>
  </datafield>
  <datafield tag="100" ind1=" " ind2=" ">
    <subfield code="a">"Glenn Norval D, and others"</subfield>
    <subfield code="9">358244</subfield>
  </datafield>
  <datafield tag="245" ind1=" " ind2="0">
    <subfield code="a">Social stratification</subfield>
    <subfield code="b"> A research bibliography</subfield>
  </datafield>
  <datafield tag="260" ind1=" " ind2=" ">
    <subfield code="a">Berkeley</subfield>
    <subfield code="b">Glendessary Press      </subfield>
    <subfield code="c">1970</subfield>
  </datafield>
  <datafield tag="300" ind1=" " ind2=" ">
    <subfield code="a">"xi,466p"</subfield>
    <subfield code="c">cm.</subfield>
  </datafield>
  <datafield tag="650" ind1=" " ind2=" ">
    <subfield code="a">Social Stratification</subfield>
    <subfield code="9">358245</subfield>
  </datafield>
  <datafield tag="942" ind1=" " ind2=" ">
    <subfield code="h">"Y5aN7, L0/BB"</subfield>
    <subfield code="c">CC</subfield>
  </datafield>
  <datafield tag="999" ind1=" " ind2=" ">
    <subfield code="c">683283</subfield>
    <subfield code="d">683283</subfield>
  </datafield>
  <datafield tag="952" ind1=" " ind2=" ">
    <subfield code="0">0</subfield>
    <subfield code="1">0</subfield>
    <subfield code="4">0</subfield>
    <subfield code="7">0</subfield>
    <subfield code="a">RTL</subfield>
    <subfield code="b">RTL</subfield>
    <subfield code="d">2022-09-27</subfield>
    <subfield code="l">0</subfield>
    <subfield code="o">"Y5aN7 L0/BB"</subfield>
    <subfield code="p">RT0515420</subfield>
    <subfield code="r">2022-09-27 00:00:00</subfield>
    <subfield code="w">2022-09-27</subfield>
    <subfield code="y">ref</subfield>
  </datafield>
</record>
